Zdokonaľovanie podnikateľského modelu podľa konceptu Canvas vo vybranom podniku diplomová práca

Enregistré dans:
Détails bibliographiques
Auteur principal: Ruman, Bernard
Collectivité auteur: Fakulta podnikového manažmentu EU. Katedra manažmentu
Autres auteurs: Hudáková, Ivana, 1976-
Format: Livre
Langue:slovaque
Publié: Bratislava 2019
Tags: Ajouter un tag
Pas de tags, Soyez le premier à ajouter un tag!

MARC

LEADER 00000nbm a2200000 4500
001 0255337
005 20191119132416.8
041 0 |a slo 
044 |a SK 
245 1 0 |a Zdokonaľovanie podnikateľského modelu podľa konceptu Canvas vo vybranom podniku  |b diplomová práca  |c Bernard Ruman ; školiteľ: Ivana Mišúnová Hudáková 
264 1 |a Bratislava  |c 2019 
300 |a 62 s. 
100 1 |a Ruman, Bernard 
700 1 |a Hudáková, Ivana, 1976- 
710 2 |a Fakulta podnikového manažmentu EU. Katedra manažmentu